Effects of monensin on intake, digestibility, gastrointestinal fill and flow in cattle grazing coastal bermuda pasture /

Bibliographic Details
Main Author: Pond, Kevin Roy
Format: Thesis eBook
Language:English
Published: [College Station, Tex.] : Pond, 1979.
Subjects:
Online Access:Link to OAKTrust copy

MARC

Tag First Indicator Second Indicator Subfields
LEADER 00000cam a2200000 i 4500
001 in00000042023
005 20220103114753.0
007 cr unu a
008 800530s1979 txu b 00010 eng d
035 |9 AAE4542AM 
035 |a (OCoLC)06375149 
040 |a TXA  |c TXA  |d UtOrBLW 
049 |a TXAZ [Also in] [Archives]  |c 1 [1242675], 2 [1242676] 
099 |a 1979  |a Thesis  |a P796 
100 1 |a Pond, Kevin Roy. 
245 1 0 |a Effects of monensin on intake, digestibility, gastrointestinal fill and flow in cattle grazing coastal bermuda pasture /  |c by Kevin Roy Pond. 
264 1 |a [College Station, Tex.] :  |b Pond,  |c 1979. 
300 |a xi, 52 leaves ;  |c 28 cm. 
336 |a text  |b txt  |2 rdacontent 
337 |a computer  |b c  |2 rdamedia 
338 |a online resource  |b cr  |2 rdacarrier 
500 |a "Major subject: Animal Nutrition." 
500 |a Vita. 
502 |b M.S.  |c Texas A&M University. 
504 |a Bibliography: leaves 42-46. 
530 |a Also available online. 
650 0 |a Cattle  |x Feeding and feeds. 
650 0 |a Monensin. 
650 4 |a Major animal nutrition. 
856 4 1 |u https://hdl.handle.net/1969.1/ETD-TAMU-1979-THESIS-P796  |z Link to OAKTrust copy  |t 0 
999 |a MARS 
999 f f |s 123bee20-c050-3d24-a95f-04c25539d6b1  |i 90d32a6a-d562-3eb3-b002-248e6dd0fd70  |t 0 
952 f f |p noncirc  |a Texas A&M University  |b J.J. Pickle Campus  |c High Density Repository  |s HDR  |d Remote Storage  |t 0  |e 1979 Thesis P796  |h Other scheme  |i computer -- online resource  |m A14840992391 
952 f f |a Texas A&M University  |b College Station  |c Electronic Resources  |s www_evans  |d Available Online  |t 0  |e 1979 Thesis P796  |h Other scheme 
998 f f |a 1979 Thesis P796  |t 0  |l Available Online 
998 f f |a 1979 Thesis P796  |t 0  |l Remote Storage